000 00861nam a2200265Ia 4500
003 OSt
005 20221005111747.0
006 a|||||r|||| 00| 0
007 ta
008 221004b |||||||| |||| 00| 0 hin d
020 _a9788190866422 (pbk)
_cIndian Rupees 125
024 _a38908
037 _bGift, 29/08/2018,
_cTextual
040 _aCRL
_cCRL
_bhin
041 _2hin
_ahin
082 _aQ7, Q7
100 _aराजेश कुमार, ले.
245 0 _aराम राज्य की ओर
246 _aRām rājya kī ora
260 _aमुंबई
_bरीड पब्लिकेशन भारत
_c2017
300 _a93पृ0
_ccm.
650 _aहिन्दू धर्म
942 _hQ7, Q7
_cTEXL
_2cc
999 _c1022802
_d1022802